LEADER 01203nam0 22002891i 450 001 RML0317554 005 20231121125755.0 100 $a20121121d2011 ||||0itac50 ba 101 | $aita 102 $ait 181 1$6z01$ai $bxxxe 182 1$6z01$an 200 1 $a˜La œterza riforma del lavoro pubblico$ecommentario al D. Lgs 27 ottobre 2009, n. 150, aggiornato al Collegato Lavoro$fa cura di Franco Carinci, Sandro Mainardi 210 $aMilanofiori - Assago $cIpsoa $d©2011 215 $aLXXIX, 879 p.$d24 cm 606 $aRapporto di pubblico impiego$xLegislazione statale$xTesti commentati$2FIR$3RMLC388025$9I 676 $a342.45068$9$v21 702 1$aCarinci$b, Franco$3RMLV146764 702 1$aMainardi$b, Sandro$3RMLV190465 801 3$aIT$bIT-01$c20121121 850 $aIT-FR0098 899 $aBiblioteca Area Giuridico Economica$bFR0098 912 $aRML0317554 950 0$aBiblioteca Area Giuridico Economica$d 53DSGPS 22/11$e 53VM 0000881665 VM barcode:BAGE021267. - Inventario:160. - Fondo:Sala consultazioneVM$fB $h20111024$i20121204 977 $a 53 996 $aTerza Riforma del Lavoro Pubblico$9759038 997 $aUNICAS